00826 a2200217 4500010001400000020002300014035001300037037001800050082001400068090001500082100001800097245010300115260003300218270007800251300002500329500005200354700001800406942003000424999001500454952013900469 aENG-85147 a8184090730c124.90 aEN-68680 bD.B.Act / Pub14a647.94068 c1511d15111 aKausal, S. K.1 aAccommodation operations managementba textbook on housekeepingcby S. K. Kaushal and S. N. Gautam aNew DelhibFrank Bros.c2006 a4675-A, Ansari Road, 21, DaryaganjbNew Delhik011-23263393, 011-23279936 a231 p.b24 cm (Pbk.) aincludes glossary and bibliographical refrences aGautam, S. N. adplcENk647.94 068 / KAU c1489d1489 00102ddc40718NFICaDBADbDBADeDBAD/PUBg124.90l0o647.94068 ACCpEN- 68680r2008-09-15 00:00:00t1u1566v124.90w2008-09-15yEN